Sports Quiz

Random Sports or University Quiz

KU Basketball (Big 12 era) primary lineups Quiz Stats

 Plays Quiz not verified by Sporcle

Challenge
Share
Tweet
Embed
Score 0/80 Timer 07:00
0 Plays Today
Year Player % Correct
2011-12Thomas Robinson
92.6%
2007-08Mario Chalmers
91.7%
2006-07Mario Chalmers
91.7%
2005-06Mario Chalmers
91.7%
2007-08Russell Robinson
90.1%
2006-07Russell Robinson
90.1%
2005-06Russell Robinson
90.1%
2010-11Marcus Morris
89.8%
2009-10Marcus Morris
89.8%
2008-09Marcus Morris
89.8%
2010-11Markieff Morris
89.6%
2011-12Jeff Withey
87.1%
2009-10Sherron Collins
86.7%
2008-09Sherron Collins
86.7%
2007-08Brandon Rush
86.7%
2006-07Brandon Rush
86.7%
2005-06Brandon Rush
86.7%
2010-11Tyshawn Taylor
86.3%
2009-10Tyshawn Taylor
86.3%
2008-09Tyshawn Taylor
86.3%
2011-12Tyshawn Taylor
86.3%
2009-10Cole Aldrich
84.1%
2008-09Cole Aldrich
84.1%
1997-98Paul Pierce
83.9%
1996-97Paul Pierce
83.9%
2011-12Elijah Johnson
83.1%
2002-03Nick Collison
82.4%
2001-02Nick Collison
82.4%
2000-01Nick Collison
82.4%
2007-08Darrell Arthur
80.9%
2006-07Darrell Arthur
80.9%
2002-03Kirk Hinrich
80.5%
2001-02Kirk Hinrich
80.5%
2000-01Kirk Hinrich
80.5%
2007-08Darnell Jackson
79.9%
2010-11Brady Morningstar
78%
2008-09Brady Morningstar
78%
2010-11Tyrel Reed
74.4%
2011-12Travis Releford
73.6%
2004-05Wayne Simien
73.2%
Year Player % Correct
2003-04Wayne Simien
73.2%
2002-03Wayne Simien
73.2%
2004-05Aaron Miles
73%
2003-04Aaron Miles
73%
2002-03Aaron Miles
73%
2001-02Aaron Miles
73%
2005-06Sasha Kaun
71.9%
2004-05Keith Langford
70.9%
2003-04Keith Langford
70.9%
2002-03Keith Langford
70.9%
2001-02Drew Gooden
69.9%
2000-01Drew Gooden
69.9%
1999-2000Drew Gooden
69.9%
1997-98Raef LaFrentz
69.5%
1996-97Raef LaFrentz
69.5%
2009-10Xavier Henry
67.4%
2006-07Julian Wright
67.1%
2005-06Julian Wright
67.1%
1996-97Jacque Vaughn
66%
2001-02Jeff Boschee
57.8%
2000-01Jeff Boschee
57.8%
1999-2000Jeff Boschee
57.8%
1998-99Jeff Boschee
57.8%
1996-97Scott Pollard
57.5%
1999-2000Eric Chenowith
53.1%
1998-99Eric Chenowith
53.1%
1997-98Eric Chenowith
53.1%
2004-05JR Giddens
48.5%
2003-04JR Giddens
48.5%
1998-99Ryan Robertson
44.8%
1997-98Ryan Robertson
44.8%
2004-05Christian Moody
44.5%
1997-98Billy Thomas
43.7%
1996-97Jerod Haase
43.7%
2000-01Kenny Gregory
43.2%
1999-2000Kenny Gregory
43.2%
1998-99Kenny Gregory
43.2%
2003-04David Padgett
39.8%
1999-2000Luke Axtell
31.4%
1998-99TJ Pugh
28.8%

You're not logged in!

Compare scores with friends on all Sporcle quizzes.
OR
Log In

You Might Also Like...

Show Comments

Extras

Top Quizzes Today


Score Distribution

Your Account Isn't Verified!

In order to create a playlist on Sporcle, you need to verify the email address you used during registration. Go to your Sporcle Settings to finish the process.

Report this User

Report this user for behavior that violates our Community Guidelines.

Details: